000 00457nam a2200181Ia 4500
001 1174
005 20260306140612.0
008 260306t1998||||xx |||||||||||||| ||spa||
041 _aESP
082 _a186.3
_bC61B 1998
100 _aCicerón, Marco Tulio
_eAUT
245 0 _aLos oficios o los deberes:
_bde la vejez - de la amistad
260 _c1998
300 _a155 páginas :
_c22 cm.
650 _aGEN
654 _aCHU
942 _cLIB
_dJUS
_fJUS
_2ddc
_n
999 _c1174
_d1174